000 00532nam a2200217Ia 4500
999 _c39955
_d39955
003 0100
005 20181113093236.0
008 130303s9999 xx 000 0 und d
020 _a0435908944
040 _cARRUPELIB
050 _aPR9373.9.O8M6 1972
100 _aOusmane, Sembene
_943382
245 4 _aThe money-order with white genesis
_cSembene Ousmane
260 _aOxford
_bHeinemann
_c1972
300 _a138p. ;
_c 20cm.
440 _aAfrican Writers Series
_93197
700 _aWake, Clive (tr.)
_913525
942 _2lcc
_cMONOGRAPH